Jade Mountain Academy Dragonets — Wings of Fire - Statistics

General Stats
  • This quiz has been taken 34 times
  • The average score is 22 of 35
Answer Stats
Tribe Winglet Dragonet % Correct
NightWing Moonwatcher
100%
IceWing Jade Winglet Winter
100%
RainWing Kinkajou
95%
SeaWing Turtle
95%
SandWing Qibli
91%
MudWing Sora
91%
MudWing Umber
91%
SkyWing Carnelian
86%
IceWing Gold Winglet Icicle
86%
SandWing Onyx
86%
SeaWing Anemone
82%
RainWing Tamarin
82%
SeaWing Pike
73%
NightWing Bigtail
68%
RainWing Coconut
68%
SkyWing Flame
68%
MudWing Marsh
68%
SandWing Ostrich
64%
NightWing Mightyclaws
59%
NightWing Mindreader
59%
RainWing Boto
50%
SkyWing Thrush
50%
NightWing Fearless
45%
SkyWing Peregrine
45%
IceWing Copper Winglet Alba
41%
SeaWing Barracuda
41%
IceWing Silver Winglet Changbai
41%
IceWing Quartz Winglet Ermine
41%
SandWing Pronghorn
41%
SandWing Arid
36%
SkyWing Garnet
36%
MudWing Newt
36%
MudWing Sepia
36%
RainWing Siamang
36%
SeaWing Snail
36%
No matching quizzes found
Score Distribution
Percent of People with Each Score
Percentile by Number Answered
Your Score History
You have not taken this quiz